[Event "Titled Tuesday intern op 20th Sep Late"]
[Site "Chess.com INT"]
[Date "2022.09.20"]
[Round "3"]
[White "Andersen, Alec C"]
[Black "Lopez Gracia, Fernando"]
[Result "0-1"]
[WhiteElo "2079"]
[BlackElo "2259"]
[PlyCount "56"]
[EventDate "2022.09.20"]
[EventType "swiss (blitz)"]
[EventRounds "11"]
[EventCountry "USA"]
[SourceTitle "EXT 2023"]
[Source "ChessBase"]
[SourceDate "2022.10.05"]
[SourceVersion "1"]
[SourceVersionDate "2022.10.05"]
[SourceQuality "1"]

1. d4 Nf6 2. c4 e6 3. Nf3 c5 4. d5 d6 5. Nc3 exd5 6. cxd5 g6 7. Bf4 a6 8. a4 Bg7 9. h3 0-0 10. e3 Ne8 11. Be2 Nd7 12. 0-0 Qe7 13. Re1 Ne5 14. Nd2 f5 15. Bh2 Bd7 16. e4 f4 17. f3 Nc7 18. a5 Bb5 19. Bxb5 axb5 20. Qe2 Qd7 21. Kf1 Ra6 22. Ra2 g5 23. Bg1 c4 24. Rea1 Rfa8 25. Bb6 Nd3 26. Nd1 Nb4 27. Nb1 Nxa2 28. Rxa2 Rxb6 0-1

[Event "Titled Tuesday intern op 13th Sep Late"]
[Site "Chess.com INT"]
[Date "2022.09.13"]
[Round "4"]
[White "Andersen, Alec C"]
[Black "Mendez Fortes, Eduardo Jesus"]
[Result "1-0"]
[WhiteElo "2079"]
[BlackElo "2250"]
[PlyCount "59"]
[EventDate "2022.09.13"]
[EventType "swiss (blitz)"]
[EventRounds "11"]
[EventCountry "USA"]
[SourceTitle "EXT 2023"]
[Source "ChessBase"]
[SourceDate "2022.10.05"]
[SourceVersion "1"]
[SourceVersionDate "2022.10.05"]
[SourceQuality "1"]

1. d4 Nf6 2. c4 e6 3. Nf3 d5 4. g3 Bb4+ 5. Bd2 Be7 6. Bg2 0-0 7. 0-0 Nbd7 8. Bf4 dxc4 9. a4 a5 10. Nbd2 Nb6 11. Qc2 Qd5 12. Bxc7 Qc6 13. Bxb6 Qxb6 14. Nxc4 Qd8 15. e4 b6 16. Rfd1 Bb7 17. Nfe5 Rc8 18. Qe2 Bb4 19. Rac1 Ba6 20. b3 Re8 21. g4 h6 22. h4 Nh7 23. h5 Re7 24. Qe3 Rec7 25. d5 Bc5 26. Qf4 exd5 27. exd5 f6 28. Nc6 Ng5 29. Nxd8 Rxd8 30. Qxc7 1-0

[Event "Titled Tuesday intern op 13th Sep Late"]
[Site "Chess.com INT"]
[Date "2022.09.13"]
[Round "6"]
[White "Andersen, Alec C"]
[Black "Novikova, Galina"]
[Result "1-0"]
[WhiteElo "2079"]
[BlackElo "2073"]
[PlyCount "151"]
[EventDate "2022.09.13"]
[EventType "swiss (blitz)"]
[EventRounds "11"]
[EventCountry "USA"]
[SourceTitle "EXT 2023"]
[Source "ChessBase"]
[SourceDate "2022.10.05"]
[SourceVersion "1"]
[SourceVersionDate "2022.10.05"]
[SourceQuality "1"]

1. d4 e6 2. e4 d5 3. Nd2 Nc6 4. Ngf3 g5 5. exd5 exd5 6. Be2 g4 7. Ne5 Nxd4 8. Nxg4 Nxe2 9. Qxe2+ Qe7 10. Ne3 d4 11. Nd5 Qxe2+ 12. Kxe2 Bd6 13. Ne4 Kd7 14. Nxd6 Kxd6 15. c4 dxc3 16. Nxc3 Bg4+ 17. f3 Re8+ 18. Kf2 Be6 19. Bf4+ Kd7 20. Rhd1+ Kc8 21. Rac1 Ne7 22. Nb5 Nd5 23. Nxc7 Nxf4 24. Nxe6+ Kb8 25. Nxf4 Re7 26. Re1 Rd7 27. Red1 Re7 28. Nd5 Re5 29. Nc3 Rg8 30. Re1 Reg5 31. g3 Rh5 32. h4 Rh6 33. Re4 Rhg6 34. g4 h5 35. g5 f6 36. f4 fxg5 37. fxg5 Rf8+ 38. Kg3 Rd6 39. Rce1 Rd3+ 40. R4e3 Rd2 41. R1e2 Rd4 42. Re8+ Rxe8 43. Rxe8+ Kc7 44. Rh8 Rg4+ 45. Kh3 Rg1 46. Rxh5 Rh1+ 47. Kg4 b5 48. Rh7+ Kb6 49. Rf7 b4 50. h5 bxc3 51. bxc3 Rg1+ 52. Kf5 Rh1 53. Kg6 a6 54. h6 Rc1 55. Rf3 a5 56. Rh3 a4 57. h7 a3 58. h8Q Ra1 59. Qf6+ Kb5 60. Re3 Rd1 61. Re5+ Kc4 62. Qc6+ Kd3 63. Rd5+ Kc2 64. Rxd1 Kxd1 65. c4 Kc2 66. c5 Kb2 67. Qb5+ Ka1 68. Qa4 Kxa2 69. Qxa3+ Kxa3 70. c6 Kb4 71. c7 Kb3 72. c8Q Kb4 73. Qf5 Kb3 74. Kf6 Kb2 75. g6 Kb3 76. g7 1-0